| 000 | 00586nam a22001457a 4500 | ||
|---|---|---|---|
| 020 | _a0-345-40288-X | ||
| 082 |
_a823 _bCRI/T |
||
| 100 | _aCRICHTON | ||
| 245 | _aTHE LOST WORLD | ||
| 260 |
_aNEW YORK _bBALLANTINE BOOKS |
||
| 300 | _a430 | ||
| 520 | _aPlot summary. In August 1993, four years after the disaster at Jurassic Park, chaos theorist and mathematician Ian Malcolm - who is revealed to have survived the events of the previous novel - encounters and reluctantly agrees to team up with wealthy paleontologist Richard Levine. | ||
| 650 |
_aNOVEL,ENGLISH _zNEW YORK |
||
| 942 | _cBK | ||
| 999 |
_c2465 _d2465 |
||